Movies Quiz

Random Movies or Clickable Quiz

Fill-in-the-Blank Movie Names Quiz Stats

 Plays Quiz Updated Jul 11, 2016

Challenge
Share
Tweet
Embed
Score 0/40 Timer 04:00
0 Plays Today
% Correct
Forrest
96.5%
Edward
96%
Ryan
95.8%
Benjamin
95.2%
Roger
94.8%
Anne
94.7%
Sally
94.5%
George
93.2%
Wayne
91.5%
Mary
90%
Jerry
89.9%
Erin
89.3%
Irene
88.7%
Sarah
87.9%
Gilbert
87.7%
John
86.5%
Larry
85.1%
Hal
85%
Polly
84.8%
Paul
84.6%
% Correct
Sophie
84.1%
Donnie
83.5%
Emily
80.7%
Annie
77.4%
Jack
77.2%
Thomas
76.9%
Sam
76.2%
Amy
75%
Jason
74.9%
Fred
73.7%
Betty
73.3%
Eve
72.6%
Zack
70.7%
Tommy
70.6%
Romeo
69.7%
Nick
69.6%
Johnny
65.2%
Michael
64.4%
Mickey
62.4%
Helen
62.2%

You're not logged in!

Compare scores with friends on all Sporcle quizzes.
OR
Log In

You Might Also Like...

Show Comments

Extras

Top Quizzes Today


Score Distribution

Your Account Isn't Verified!

In order to create a playlist on Sporcle, you need to verify the email address you used during registration. Go to your Sporcle Settings to finish the process.

Report this User

Report this user for behavior that violates our Community Guidelines.

Details: